00633nam a2200193 a 4500001001000000003000900010005001700019007001000036008004100046040002200087100002000109245008500129260007500214300002700289650001900316650003800335650003200373650003400405000026329DO-SdBNP20180409143042.0000026329110314s20uu dr a 001 0 spa d aBPMETbspacBPMET1 aAleth, Kirsten 10aPlagas domésticas :bcuaderno de ecología doméstica no. 2 /cKirsten Aleth aSanto Domingo :bCentro Dominicano de Educación Ecológica c[200?] a28 p. :bil. ;c29 cm. 4aPLAGAS CASERAS 4aINSECTOS ÚTILES Y PERJUDICIALES 4aCONTROL INTEGRADO DE PLAGAS 4aCONTROL BIOLÓGICO DE PLAGAS